000 01082nam a22002777a 4500
005 20110119111114.0
008 110119t xxu||||| |||| 00| 0 eng d
010 _aENG-101905
020 _a9780071067447
_c295.00
020 _a0071067442
_c295.00
035 _aEN-85438
037 _bDBAD/PUB
040 _adpl
_bEng
082 0 4 _a658.4013
100 1 _aBrussee, Warren
_925368
245 1 0 _aSix Sigma on a budget :
_bachieving more with less using the principles of Six Sigma /
_cby Warren Brussee
260 _aNew Delhi
_bTata McGraw-Hill
_cc2010
270 _a7 West Patel Nagar
_bNew Delhi
_e110008
300 _avii, 183 p. :
_bill.
_c23 cm (pbk)
500 _aIncludes bibliographical references and index.
650 0 _aSix sigma (Quality control standard)
_925369
650 0 _aTotal quality management.
_925370
942 _2ddc
_cEN
_h658.4013
_mBRU
999 _c49930
_d49930